000 01151 a2200217 4500
003 Nust
005 20221011154408.0
010 _a 68031236
020 _a0306303574
040 _cNust
082 0 0 _a540,DAN
100 1 _aDanilov, Alekse橠Dmitrievich.
_999940
245 1 0 _aChemistry of the ionosphere
_c[by] A. D. Danilov.
260 _aNew York,
_bPlenum Press,
_c1970.
300 _axv, 296 p.
_billus.
_c24 cm.
440 0 _aMonographs in geoscience
_999941
505 _aResults Of Rocket Investigations Of Parameters Of The Upper Atmosphere (Page-1), General Outline Of Elementary Processes In The Ionosphere (Page-25), Rates Of Processes Of Dissociative Recombination (Page-55), Rates Of Ion Moleculer Processes (Page-75), Ion Formation In The Ionosphere (Page-99), Negative Ions And Ionospheric D Region (Page-129), Oxygen Dissociation (Page-173), Reactions In Which Nitrogen And Its Oxides Participate (Page-199), Nitrogen Dissociation (Page-219), Reactions With Participation Of Neutral And Ionized Hydrogen And Hellum Atoms (Page-237).
650 0 _aIonization of gases.
_999942
650 0 _aIonosphere.
_999943
942 _2ddc
_cBK
999 _c183298
_d183298